[Event "Staatsliga B - Mitte 2002/03"]
[Site "?"]
[Date "2002.10.11"]
[Round "1.1"]
[White "HABA, Petr"]
[Black "GUREVICH, Mikhail"]
[Result "1/2-1/2"]
[WhiteElo "2534"]
[BlackElo "2634"]
[PlyCount "67"]
[EventDate "2002.10.11"]

1. d4 f5 2. g3 Nf6 3. Bg2 g6 4. Nf3 Bg7 5. O-O O-O 6. c4 d6 7. Nc3 Qe8 8. d5
Na6 9. Rb1 Bd7 10. b4 c6 11. dxc6 bxc6 12. b5 cxb5 13. cxb5 Nc5 14. a4 Rc8 15.
Nd4 Nfe4 16. Nxe4 Nxe4 17. Bb2 Qf7 18. e3 Qa2 19. Nc6 Bxc6 20. Bxg7 Bxb5 21.
Ra1 Qc2 22. axb5 Qxd1 23. Rfxd1 Kxg7 24. Rxa7 Nc3 25. Rxd6 Nxb5 26. Rxe7+ Rf7
27. Rxf7+ Kxf7 28. Rd7+ Kg8 29. Bf1 Nc7 30. Bc4+ Kh8 31. Bf7 Na6 32. Rd6 Nc5
33. Bd5 Nd3 34. Bc6 1/2-1/2

[Event "Staatsliga B - Mitte 2002/03"]
[Site "?"]
[Date "2002.10.11"]
[Round "1.2"]
[White "GYIMESI, Zoltan"]
[Black "TOPAKIAN, Raffi"]
[Result "1/2-1/2"]
[WhiteElo "2596"]
[BlackElo "2424"]
[PlyCount "123"]
[EventDate "2002.10.11"]

1. d4 Nf6 2. c4 g6 3. Nc3 d5 4. Nf3 Bg7 5. Qb3 dxc4 6. Qxc4 O-O 7. e4 Nc6 8.
Be2 Bg4 9. d5 Bxf3 10. gxf3 Na5 11. Qd3 e6 12. b4 exd5 13. bxa5 dxe4 14. Qxd8
Raxd8 15. Nd1 Rd5 16. a6 exf3 17. Bxf3 Rf5 18. Be2 Ne4 19. Rb1 b6 20. Rb3 Re8
21. Be3 Ra5 22. a3 c6 23. O-O b5 24. Bf3 Rxa6 25. Bxe4 Rxe4 26. Nc3 Rg4+ 27.
Kh1 Rc4 28. Na2 Bf8 29. Nb4 Ra4 30. Rd1 a5 31. Rd8 Kg7 32. Bd4+ Rxd4 33. Rxd4
axb4 34. axb4 f5 35. Rc3 Rxb4 36. Rd7+ Kh6 37. Rxc6 Rf4 38. Kg2 Rg4+ 39. Kf3
Rh4 40. Rf7 Bb4 41. Rcc7 Kg5 42. Rxh7 Rf4+ 43. Kg2 Be1 44. Rc2 b4 45. Rb7 Rg4+
46. Kf1 Bc3 47. Rb6 Kf4 48. Re2 Rh4 49. Rxg6 Rxh2 50. Rb6 Rh1+ 51. Kg2 Rh5 52.
Rb5 Rg5+ 53. Kf1 Rh5 54. Re3 Kg4 55. Rg3+ Kf4 56. Ke2 Ke4 57. Rf3 Rh1 58. Re3+
Kf4 59. Rd5 Re1+ 60. Kd3 Rf1 61. Ke2 Re1+ 62. Kd3 1/2-1/2

[Event "Staatsliga B - Mitte 2002/03"]
[Site "?"]
[Date "2002.10.11"]
[Round "1.3"]
[White "JANZ, Frerik"]
[Black "STANEC, Nikolaus"]
[Result "0-1"]
[WhiteElo "2366"]
[BlackElo "2523"]
[PlyCount "154"]
[EventDate "2002.10.11"]

1. c4 Nf6 2. Nc3 g6 3. e4 d6 4. d4 Bg7 5. Bd3 O-O 6. Nge2 Nbd7 7. Bc2 a6 8. O-O
c6 9. a4 a5 10. Bg5 h6 11. Bh4 e5 12. Qd2 Nxe4 13. Nxe4 Qxh4 14. d5 cxd5 15.
Qxd5 Nf6 16. Nxf6+ Qxf6 17. Nc3 Be6 18. Qb5 Rfc8 19. b3 Qe7 20. Nd5 Qd8 21.
Rad1 Rab8 22. Qb6 Rc5 23. Qxd8+ Rxd8 24. Nb6 f5 25. Rd2 e4 26. Rfd1 Be5 27. Nd5
Kf7 28. g3 h5 29. h4 Rg8 30. Nf4 Bd7 31. Kf1 Rcc8 32. Ke2 Bc6 33. Ke3 Bc3 34.
Rxd6 Bb4 35. Rd7+ Bxd7 36. Rxd7+ Kf6 37. Nd5+ Ke6 38. Rxb7 Bc5+ 39. Ke2 Rb8 40.
Rc7 Bd6 41. Ra7 Ra8 42. Rb7 Ke5 43. Rd7 Rad8 44. Ra7 Bb4 45. Rb7 Kd4 46. Bd1
Rd6 47. Rb5 Rc8 48. Rb7 Rc5 49. Nxb4 axb4 50. Rxb4 Kc3 51. Rb5 Rc8 52. Rd5 Rxd5
53. cxd5 Rd8 54. Ke3 Rxd5 55. Be2 Kxb3 56. Bb5 Kc2 57. Bc6 Rd3+ 58. Ke2 Rd2+
59. Ke1 Rd6 60. Be8 Kc3 61. Ke2 Kd4 62. Bb5 Ke5 63. Ke3 Rd1 64. Be8 Rd3+ 65.
Ke2 Kf6 66. Bc6 g5 67. hxg5+ Kxg5 68. Bb5 Ra3 69. Bc6 h4 70. gxh4+ Kxh4 71. Bb5
Kg4 72. Kf1 Ra2 73. Be2+ Kf4 74. Bd1 Ke5 75. Bb3 Rb2 76. Bd1 f4 77. Ke1 f3 0-1

[Event "Staatsliga B - Mitte 2002/03"]
[Site "?"]
[Date "2002.10.11"]
[Round "1.4"]
[White "WEISS, Christian"]
[Black "MENACHER, Manfred"]
[Result "1-0"]
[WhiteElo "2422"]
[BlackElo "2354"]
[PlyCount "83"]
[EventDate "2002.10.11"]

1. d4 Nf6 2. g3 c5 3. d5 b5 4. Bg2 d6 5. e4 Bb7 6. Ne2 g6 7. b3 Bg7 8. Bb2 O-O
9. O-O Nbd7 10. Nd2 Qc7 11. c4 bxc4 12. bxc4 Rab8 13. Qc2 Ba6 14. Rab1 Nb6 15.
Ba1 Qd7 16. Rb3 e5 17. dxe6 Qxe6 18. Nf4 Qe7 19. Ra3 Bc8 20. Rd1 g5 21. Nd3 Ne8
22. f4 Bxa1 23. Rxa1 Ng7 24. Qc3 Ne6 25. Nf3 g4 26. Nh4 Nd4 27. Re1 Be6 28. Nb2
Rfe8 29. Bf1 Qb7 30. Nd1 Bd7 31. Nf2 Nc8 32. f5 Qb4 33. Nxg4 Qxc3 34. Nf6+ Kh8
35. Rxc3 Re7 36. g4 Kg7 37. Nh5+ Kh6 38. Ng2 Rb2 39. Nhf4 Bc6 40. f6 Rxe4 41.
Rxe4 Bxe4 42. h4 1-0

[Event "Staatsliga B - Mitte 2002/03"]
[Site "?"]
[Date "2002.10.11"]
[Round "1.5"]
[White "KRANZL, Peter"]
[Black "KNOLL, Hermann"]
[Result "1/2-1/2"]
[WhiteElo "2247"]
[BlackElo "2365"]
[PlyCount "67"]
[EventDate "2002.10.11"]

1. e4 e5 2. Nf3 Nc6 3. c3 Nf6 4. d4 d6 5. Bb5 Bd7 6. O-O Be7 7. Re1 O-O 8. h3
Re8 9. a3 Bf8 10. d5 Nb8 11. Bf1 a5 12. b4 c6 13. dxc6 Bxc6 14. Nbd2 b5 15. Nb3
axb4 16. cxb4 Nxe4 17. Na5 Rxa5 18. bxa5 Qxa5 19. Bd2 Nxd2 20. Qxd2 Qa8 21. Re3
Nd7 22. Rb1 Nb6 23. Rc3 Nc4 24. Bxc4 bxc4 25. Rxc4 Bxf3 26. gxf3 Qxa3 27. Qd5
e4 28. Rxe4 Qxf3 29. Rxe8 Qxd5 30. Rbb8 g6 31. Rxf8+ Kg7 32. Rfe8 Qd1+ 33. Kg2
Qd5+ 34. Kg1 1/2-1/2

[Event "Staatsliga B - Mitte 2002/03"]
[Site "?"]
[Date "2002.10.11"]
[Round "1.6"]
[White "TKACZUK, Rainer"]
[Black "HAGER, Herbert"]
[Result "1-0"]
[WhiteElo "2273"]
[BlackElo "2142"]
[PlyCount "53"]
[EventDate "2002.10.11"]

1. e4 c5 2. Nf3 d6 3. Bb5+ Nd7 4. O-O Ngf6 5. Re1 g6 6. c3 Bg7 7. d4 O-O 8. h3
h6 9. e5 Ne8 10. Nbd2 cxd4 11. cxd4 dxe5 12. dxe5 Nc7 13. Bf1 b6 14. b4 Nxe5
15. Nxe5 Bxe5 16. Rxe5 Qd4 17. Rxe7 Nd5 18. Re4 Qxa1 19. Nb3 Qxa2 20. Qxd5 Bf5
21. Re2 Bc2 22. Bxh6 Qxb3 23. Qd4 f6 24. Re7 Rac8 25. Qd7 g5 26. Rg7+ Kh8 27.
Rh7+ 1-0

[Event "Staatsliga B - Mitte 2002/03"]
[Site "?"]
[Date "2002.10.11"]
[Round "1.1"]
[White "GLEK, Igor V"]
[Black "KONOPKA, Michal"]
[Result "1-0"]
[WhiteElo "2576"]
[BlackElo "2449"]
[PlyCount "85"]
[EventDate "2002.10.11"]

1. e4 Nf6 2. e5 Nd5 3. d4 d6 4. Bc4 c6 5. f4 dxe5 6. fxe5 Bf5 7. Ne2 e6 8. O-O
Be7 9. Ng3 Bg6 10. Bd3 O-O 11. Bxg6 fxg6 12. Rxf8+ Bxf8 13. c4 Nb6 14. Qg4 Qd7
15. c5 Nc8 16. Nc3 b6 17. Be3 Na6 18. Nge4 Ne7 19. Nd6 Nb4 20. Rf1 Nf5 21. Bf2
Be7 22. Qe2 Nd5 23. Nxd5 cxd5 24. g4 Nh6 25. b4 Qa4 26. Qb5 Qxb5 27. Nxb5 bxc5
28. bxc5 Nxg4 29. Nc7 Rc8 30. Nb5 Bg5 31. Nd6 Rb8 32. c6 Bd8 33. Bh4 Nh6 34.
Kh1 Bb6 35. Rb1 Nf5 36. Bg5 h6 37. Rxb6 Rxb6 38. c7 Rc6 39. Bd8 Ne7 40. Kg2 Kf8
41. Bxe7+ Kxe7 42. c8=Q Rxc8 43. Nxc8+ 1-0

[Event "Staatsliga B - Mitte 2002/03"]
[Site "?"]
[Date "2002.10.11"]
[Round "1.2"]
[White "HEIMBERGER, Reinhard"]
[Black "UHLMANN, Wolfgang"]
[Result "0-1"]
[WhiteElo "2312"]
[BlackElo "2440"]
[PlyCount "112"]
[EventDate "2002.10.11"]

1. d4 Nf6 2. c4 g6 3. Nc3 Bg7 4. g3 c5 5. d5 e6 6. Bg2 exd5 7. cxd5 d6 8. e4
O-O 9. Nge2 Re8 10. O-O b5 11. e5 Rxe5 12. Bf4 Rh5 13. Nxb5 Bf8 14. Nec3 Na6
15. Bf3 Rf5 16. Ne4 Rxf4 17. gxf4 Nxe4 18. Bxe4 Qf6 19. Nc3 Qxf4 20. Qf3 Qh6
21. Qg3 Rb8 22. Rfe1 Nc7 23. a3 f5 24. Bg2 Bd7 25. b4 cxb4 26. axb4 a6 27. Rab1
Qg7 28. Ne2 g5 29. Qd3 Nb5 30. Ra1 Ra8 31. Rec1 f4 32. Ra2 Be7 33. Nc3 Qd4 34.
Be4 Qxd3 35. Bxd3 Rc8 36. Ne2 Ra8 37. Rca1 Nc7 38. Ra5 Bf6 39. R1a2 Rb8 40. Rc2
Rb7 41. Bxa6 Nxa6 42. Rxa6 Be5 43. Nc1 Bf5 44. Rc4 Kg7 45. f3 h5 46. Ra3 Rb5
47. Ra5 Rb7 48. Kg2 g4 49. Ra3 Rb5 50. Nd3 Rxd5 51. Nxf4 Rd2+ 52. Kg3 d5 53.
Re3 Bd6 54. fxg4 dxc4 55. gxf5 Rd4 56. Rf3 Rxf4 0-1

[Event "Staatsliga B - Mitte 2002/03"]
[Site "?"]
[Date "2002.10.11"]
[Round "1.3"]
[White "IONESCU, Doru Alexandru"]
[Black "SANDHOEFNER, Florian"]
[Result "1-0"]
[WhiteElo "2433"]
[BlackElo "2259"]
[PlyCount "53"]
[EventDate "2002.10.11"]

1. e4 c5 2. d3 Nc6 3. g3 g6 4. Bg2 Bg7 5. f4 e6 6. Nf3 Nge7 7. O-O O-O 8. c3 d5
9. e5 d4 10. c4 f6 11. exf6 Bxf6 12. Nbd2 Bg7 13. Re1 h6 14. Ne5 Nxe5 15. fxe5
Qc7 16. Qe2 Nc6 17. Bxc6 Qxc6 18. Qg4 Kh7 19. Ne4 b6 20. Qh3 Bb7 21. g4 Rh8 22.
Rf1 Raf8 23. Bxh6 Rxf1+ 24. Rxf1 Bxh6 25. g5 Kg7 26. gxh6+ Rxh6 27. Qf3 1-0

[Event "Staatsliga B - Mitte 2002/03"]
[Site "?"]
[Date "2002.10.11"]
[Round "1.4"]
[White "TOBER, Gerhard"]
[Black "BAUMGARTNER, Heinz"]
[Result "1-0"]
[WhiteElo "2233"]
[BlackElo "2398"]
[PlyCount "103"]
[EventDate "2002.10.11"]

1. e4 d5 2. exd5 Qxd5 3. Nc3 Qa5 4. d4 c6 5. Bc4 Bf5 6. Nf3 e6 7. Bd2 Nf6 8.
Qe2 Bb4 9. O-O-O Nd5 10. Nxd5 Bxd2+ 11. Qxd2 Qxd2+ 12. Rxd2 cxd5 13. Bb5+ Ke7
14. Ne5 h5 15. Re1 Rc8 16. h3 f6 17. Nf3 Be4 18. Bd3 Bxd3 19. Rxd3 Nd7 20. Nh4
Kf7 21. f4 g6 22. g4 hxg4 23. hxg4 Rc6 24. f5 gxf5 25. gxf5 Rac8 26. fxe6+ Rxe6
27. Rxe6 Kxe6 28. Re3+ Kf7 29. Nf5 Kf8 30. Re7 Rd8 31. Rh7 Kg8 32. Rg7+ Kf8 33.
Kd2 b6 34. Ke3 a6 35. Kf3 Nb8 36. Kg4 Nc6 37. Kh5 Nxd4 38. Nxd4 Kxg7 39. Ne6+
Kf7 40. Nxd8+ Ke7 41. Nc6+ Kd6 42. Nb4 Ke5 43. Nxa6 Ke4 44. Nb4 d4 45. a4 f5
46. Nd3 Ke3 47. b4 Kd2 48. a5 bxa5 49. bxa5 Kxc2 50. Nf4 d3 51. Nxd3 Kxd3 52.
Kg5 1-0

[Event "Staatsliga B - Mitte 2002/03"]
[Site "?"]
[Date "2002.10.11"]
[Round "1.5"]
[White "ROLLETSCHEK, Heinrich"]
[Black "STADLER, Peter"]
[Result "1-0"]
[WhiteElo "2261"]
[BlackElo "2187"]
[PlyCount "135"]
[EventDate "2002.10.11"]

1. e4 c5 2. Nf3 e6 3. d3 Nc6 4. g3 g6 5. Bg2 Bg7 6. c3 Nge7 7. O-O O-O 8. Be3
d6 9. d4 cxd4 10. Nxd4 a6 11. Na3 Qc7 12. Qe2 b5 13. Nxc6 Nxc6 14. Rfd1 Bb7 15.
Rac1 Rac8 16. f4 Na5 17. Qf2 Nc4 18. Nxc4 bxc4 19. Rd2 Qa5 20. Rxd6 Qxa2 21.
Rcd1 Qa4 22. Qe2 Bc6 23. Bd4 Rfd8 24. Bxg7 Rxd6 25. Rxd6 Kxg7 26. Rd4 Qa1+ 27.
Bf1 Rb8 28. Rd2 Qb1 29. Qxc4 Bxe4 30. b4 Bd5 31. Qd3 Qc1 32. Rd1 Qb2 33. Rb1
Qa2 34. c4 Bxc4 35. Qc3+ Kg8 36. Ra1 Qb3 37. Qxc4 Qxc4 38. Bxc4 Rxb4 39. Be2
Kg7 40. Rxa6 h5 41. Kf2 h4 42. Rc6 hxg3+ 43. hxg3 Kf6 44. Rc5 Rb3 45. Rc7 Rb8
46. Ke3 Rd8 47. g4 Rd5 48. Bc4 Ra5 49. Kd4 g5 50. f5 Ra1 51. fxe6 fxe6 52. Be2
Ra4+ 53. Rc4 Ra5 54. Ke3 Rd5 55. Re4 Rd8 56. Bc4 Rd6 57. Rd4 Rb6 58. Kd3 Rc6
59. Re4 Ke7 60. Kc3 Kf6 61. Kb4 e5 62. Re2 Rd6 63. Rf2+ Kg6 64. Kc3 Rd4 65.
Bd3+ Kg7 66. Bf5 Ra4 67. Rh2 e4 68. Re2 1-0

[Event "Staatsliga B - Mitte 2002/03"]
[Site "?"]
[Date "2002.10.11"]
[Round "1.6"]
[White "TRAUNER, Rudolf"]
[Black "WOEBER, Friedrich"]
[Result "1/2-1/2"]
[WhiteElo "2246"]
[BlackElo "2176"]
[PlyCount "54"]
[EventDate "2002.10.11"]

1. Nf3 Nf6 2. c4 g6 3. Nc3 Bg7 4. g3 O-O 5. Bg2 d6 6. O-O e5 7. d3 Nc6 8. Rb1
a5 9. a3 Bd7 10. b4 axb4 11. axb4 Qc8 12. Bg5 Bh3 13. Bxf6 Bxf6 14. Nd5 Bd8 15.
Qd2 Kg7 16. b5 Ne7 17. Nc3 Ng8 18. d4 exd4 19. Nxd4 Re8 20. Ra1 Bxg2 21. Kxg2
c6 22. e3 Bf6 23. Rfd1 Nh6 24. h3 Rxa1 25. Rxa1 Nf5 26. Nxf5+ Qxf5 27. bxc6
bxc6 1/2-1/2

[Event "Staatsliga B - Mitte 2002/03"]
[Site "?"]
[Date "2002.10.11"]
[Round "1.1"]
[White "PAVASOVIC, Dusko"]
[Black "HORVATH, Jozsef"]
[Result "1-0"]
[WhiteElo "2581"]
[BlackElo "2514"]
[PlyCount "49"]
[EventDate "2002.10.11"]

1. e4 c5 2. c3 d5 3. exd5 Qxd5 4. d4 Nf6 5. Nf3 e6 6. Be3 cxd4 7. cxd4 Nc6 8.
Nc3 Qd6 9. a3 Be7 10. Bd3 b6 11. O-O Bb7 12. Qe2 O-O 13. Rad1 Rad8 14. Bg5 Qb8
15. Bb1 Rfe8 16. Rfe1 g6 17. Ba2 Ng4 18. g3 Bxg5 19. Nxg5 Nh6 20. Nce4 Kg7 21.
Qf3 f5 22. Nxe6+ Rxe6 23. Bxe6 fxe4 24. Qc3 Rf8 25. d5+ 1-0

[Event "Staatsliga B - Mitte 2002/03"]
[Site "?"]
[Date "2002.10.11"]
[Round "1.3"]
[White "RAGGER, Markus"]
[Black "TITZ, Heimo"]
[Result "1-0"]
[WhiteElo "2211"]
[BlackElo "2325"]
[PlyCount "107"]
[EventDate "2002.10.11"]

1. e4 c5 2. c3 d5 3. exd5 Qxd5 4. d4 Nf6 5. Nf3 Nc6 6. dxc5 Qxc5 7. Na3 Qa5 8.
b4 Qc7 9. Nb5 Qb8 10. Be2 a6 11. Nbd4 Bd7 12. O-O e5 13. Nxc6 Bxc6 14. a4 Be7
15. Qb3 O-O 16. c4 a5 17. b5 Bxf3 18. Bxf3 e4 19. Be2 Bd6 20. h3 Bh2+ 21. Kh1
Be5 22. Ra2 Bd4 23. Be3 Qe5 24. Rd1 Bc5 25. Rad2 Rac8 26. Bd4 Bxd4 27. Rxd4 h6
28. Qe3 Qc7 29. Rd6 Rfe8 30. Qg3 Qe7 31. Qe3 Qc7 32. R6d4 Qe7 33. Rd6 Qc7 34.
R6d4 Qc5 35. Kh2 Kf8 36. g3 Kg8 37. Kg2 Qc7 38. Kh2 Re6 39. Rc1 Qc5 40. Bg4
Nxg4+ 41. hxg4 b6 42. Rd5 Qb4 43. c5 bxc5 44. Rdxc5 Rxc5 45. Qxc5 Qb2 46. Rc2
Qb1 47. Rd2 Kh7 48. Qf5+ Rg6 49. Re2 Qb3 50. Rxe4 Kg8 51. Re8+ Kh7 52. Qe4 Qd1
53. b6 Qf1 54. b7 1-0

[Event "Staatsliga B - Mitte 2002/03"]
[Site "?"]
[Date "2002.10.11"]
[Round "1.4"]
[White "PETSCHAR, Kurt"]
[Black "KASPRET, Guido"]
[Result "1-0"]
[WhiteElo "2291"]
[BlackElo "2278"]
[PlyCount "113"]
[EventDate "2002.10.11"]

1. e4 Nf6 2. e5 Nd5 3. d4 d6 4. Nf3 dxe5 5. Nxe5 c6 6. Bc4 Nd7 7. Nf3 N7b6 8.
Bb3 a5 9. a4 Bg4 10. Nbd2 e6 11. h3 Bh5 12. Ne4 Bb4+ 13. c3 Be7 14. Ng3 Bg6 15.
Ne5 Nd7 16. Nxg6 hxg6 17. O-O N7f6 18. Re1 Qc7 19. Qf3 Rd8 20. Bc2 c5 21. dxc5
Qxc5 22. Ne4 Nxe4 23. Bxe4 O-O 24. Qe2 Qc7 25. Bd2 Rd7 26. Red1 Rfd8 27. Be1
Qe5 28. g3 Bc5 29. Qf3 b6 30. Bc2 Ne7 31. Kf1 Rxd1 32. Rxd1 Rxd1 33. Qxd1 Qd5
34. Qxd5 Nxd5 35. Ke2 Kf8 36. Kd3 Ke7 37. Kc4 Kd7 38. b4 axb4 39. cxb4 Bd6 40.
Be4 Nf6 41. Bg2 Kc7 42. Bd2 Be5 43. Be3 Ne8 44. a5 Nd6+ 45. Kd3 Nc8 46. f4 Bf6
47. g4 Bd8 48. Bd4 bxa5 49. bxa5 Kb8 50. a6 f6 51. Bc6 Bc7 52. Ke4 Nb6 53. g5
Bd8 54. h4 Ka7 55. Bb5 Kb8 56. Bc5 Nc8 57. Bd7 1-0

[Event "Staatsliga B - Mitte 2002/03"]
[Site "?"]
[Date "2002.10.11"]
[Round "1.1"]
[White "WITTMANN, Walter"]
[Black "MOHR, Georg"]
[Result "0-1"]
[WhiteElo "2345"]
[BlackElo "2488"]
[PlyCount "80"]
[EventDate "2002.10.11"]

1. e4 e6 2. d4 d5 3. Nd2 c5 4. Ngf3 Nc6 5. exd5 exd5 6. Bb5 Qe7+ 7. Qe2 Qxe2+
8. Kxe2 Bd7 9. dxc5 Bxc5 10. Nb3 Bb6 11. Be3 Bxe3 12. Kxe3 O-O-O 13. Bxc6 bxc6
14. Nfd4 Re8+ 15. Kd3 Kc7 16. c4 Kd6 17. c5+ Kc7 18. Na5 Nh6 19. f3 f6 20. b4
Re7 21. Rhe1 Rhe8 22. Rxe7 Rxe7 23. a4 a6 24. Rb1 Bf5+ 25. Nxf5 Nxf5 26. b5
axb5 27. axb5 cxb5 28. Rxb5 Re3+ 29. Kd2 Ra3 30. Rb7+ Kc8 31. Ra7 Nd4 32. Ra8+
Kc7 33. Ra7+ Kc8 34. Ra8+ Kd7 35. Ra7+ Ke6 36. Ra6+ Kf5 37. c6 Nxc6 38. Rxc6
Rxa5 39. Ke3 h5 40. g3 Ra3+ 0-1

[Event "Staatsliga B - Mitte 2002/03"]
[Site "?"]
[Date "2002.10.11"]
[Round "1.2"]
[White "BUTUNOI, Alexandru"]
[Black "WATZKA, Horst"]
[Result "0-1"]
[WhiteElo "2404"]
[BlackElo "2348"]
[PlyCount "118"]
[EventDate "2002.10.11"]

1. e4 c5 2. Nf3 Nc6 3. d4 cxd4 4. Nxd4 e5 5. Nb5 d6 6. c4 Be7 7. N1c3 a6 8. Na3
Nf6 9. Bd3 O-O 10. O-O Be6 11. Nc2 Rc8 12. Nd5 Bxd5 13. exd5 Nb8 14. Ne3 g6 15.
f4 exf4 16. Rxf4 Nbd7 17. b3 Ne5 18. Be2 Nfd7 19. Rf1 Bf6 20. Rb1 Bg7 21. Nc2
Qe7 22. Be3 Nc5 23. Bd4 Rfe8 24. Kh1 Qg5 25. b4 Ne4 26. c5 dxc5 27. bxc5 Nxc5
28. Bxc5 Rxc5 29. Rxb7 Rd8 30. d6 a5 31. a4 Rc6 32. d7 Qe7 33. Bb5 Rd6 34. Qe1
Rf6 35. Rxf6 Bxf6 36. Nd4 Qd6 37. Nf3 Nxf3 38. gxf3 Kg7 39. Qe2 Qc5 40. Qd2 h5
41. Kg2 Bc3 42. Qf4 Be5 43. Qd2 Bc3 44. Qc1 h4 45. Be2 Qe5 46. Kf1 Bd4 47. Qc7
Qe3 48. Ke1 Bc3+ 49. Kf1 Qc1+ 50. Kg2 Qe3 51. Kf1 h3 52. Rb1 Bd4 53. Ke1 Bf6
54. Kf1 Rxd7 55. Qg3 Rd2 56. Qf2 Qf4 57. Rd1 Bd4 58. Qg3 Qxg3 59. hxg3 h2 0-1

[Event "Staatsliga B - Mitte 2002/03"]
[Site "?"]
[Date "2002.10.11"]
[Round "1.3"]
[White "SINGER, Richard"]
[Black "SUPANCIC, Darko"]
[Result "1/2-1/2"]
[WhiteElo "2281"]
[BlackElo "2381"]
[PlyCount "120"]
[EventDate "2002.10.11"]

1. d4 g6 2. e4 Bg7 3. Nf3 d6 4. Bc4 c6 5. Nc3 Nf6 6. Bb3 O-O 7. O-O Bg4 8. h3
Bxf3 9. Qxf3 Nbd7 10. Be3 Qc7 11. Qe2 b5 12. a3 a5 13. f4 b4 14. e5 bxc3 15.
exf6 exf6 16. bxc3 f5 17. g4 fxg4 18. hxg4 Rae8 19. Qf3 d5 20. f5 Nb6 21. Rae1
f6 22. Bf4 Qd7 23. Qd3 gxf5 24. Qxf5 Qxf5 25. gxf5 a4 26. Ba2 Rxe1 27. Rxe1 Ra8
28. Re6 Rc8 29. Bd6 Bf8 30. Bxf8 Kxf8 31. Rxf6+ Ke7 32. Rh6 Rf8 33. Rxc6 Rf6
34. Rc7+ Kd8 35. Rxh7 Rxf5 36. Rb7 Rf6 37. Kg2 Rc6 38. Kf1 Kc8 39. Rxb6 Rxb6
40. Bxd5 Rb2 41. Ke2 Rxc2+ 42. Kd3 Rc1 43. Kc4 Rb1 44. Bc6 Rb3 45. Bxa4 Rxa3
46. Kb4 Ra1 47. c4 Kc7 48. c5 Rg1 49. d5 Rg4+ 50. Kb5 Rd4 51. Bb3 Kd7 52. Bc4
Ke7 53. Kb4 Rh4 54. Kc3 Rh3+ 55. Bd3 Rh4 56. Bg6 Kd7 57. Kd3 Ke7 58. Bf5 Kf6
59. Be6 Ke5 60. Kc3 Rf4 1/2-1/2

[Event "Staatsliga B - Mitte 2002/03"]
[Site "?"]
[Date "2002.10.11"]
[Round "1.4"]
[White "KREBS, Johann"]
[Black "WEGERER, Fred"]
[Result "1-0"]
[WhiteElo "2280"]
[BlackElo "2240"]
[PlyCount "70"]
[EventDate "2002.10.11"]

1. d4 e6 2. Nf3 Nf6 3. c4 Bb4+ 4. Nbd2 b6 5. g3 Bb7 6. Bg2 O-O 7. O-O Be7 8.
Qc2 d5 9. Ne5 c5 10. Ndf3 Na6 11. Rd1 Rc8 12. Bg5 Ne4 13. Bxe7 Qxe7 14. Qa4
dxc4 15. Nxc4 cxd4 16. Rxd4 Nec5 17. Qa3 Rfd8 18. Rad1 Rxd4 19. Rxd4 Rd8 20. b4
Nd7 21. Nd6 Bxf3 22. Bxf3 e5 23. Rd2 Ndb8 24. Nf5 Qf6 25. Rxd8+ Qxd8 26. Qc3 g6
27. Nh6+ Kg7 28. Ng4 f6 29. Qc1 Nxb4 30. a3 N4a6 31. Qh6+ Kh8 32. h4 Nd7 33. h5
gxh5 34. Be4 Qe7 35. Qxh5 Nac5 $138 1-0

[Event "Staatsliga B - Mitte 2002/03"]
[Site "?"]
[Date "2002.10.11"]
[Round "1.5"]
[White "DOHR, Alexander"]
[Black "PESORDA, Ivan"]
[Result "1-0"]
[WhiteElo "2161"]
[BlackElo "2255"]
[PlyCount "37"]
[EventDate "2002.10.11"]

1. e4 c5 2. Nf3 e6 3. b4 cxb4 4. d4 Nf6 5. Bd3 d5 6. e5 Ne4 7. O-O Nc6 8. Re1
Be7 9. a3 O-O 10. axb4 f5 11. exf6 Bxf6 12. c3 a6 13. b5 Na5 14. Ba3 Re8 15.
Ne5 Bxe5 16. dxe5 axb5 17. Bb4 Bd7 18. Bxe4 dxe4 19. Rxa5 1-0

[Event "Staatsliga B - Mitte 2002/03"]
[Site "?"]
[Date "2002.10.11"]
[Round "1.6"]
[White "SCHNIDER, Gert"]
[Black "RIEDNER, Martin"]
[Result "1-0"]
[WhiteElo "2195"]
[BlackElo "2206"]
[PlyCount "111"]
[EventDate "2002.10.11"]

1. d4 d5 2. c4 e6 3. Nc3 c5 4. e3 Nf6 5. Nf3 a6 6. cxd5 exd5 7. Be2 Nc6 8. O-O
Bd6 9. dxc5 Bxc5 10. a3 O-O 11. b4 Ba7 12. Bb2 d4 13. exd4 Nxd4 14. Nxd4 Qxd4
15. Qxd4 Bxd4 16. Rad1 Be5 17. Bf3 Rb8 18. Rfe1 Bc7 19. h3 Be6 20. Ne2 Nd7 21.
Nd4 Ne5 22. Nxe6 Nxf3+ 23. gxf3 fxe6 24. Rxe6 Rf7 25. Kg2 Rbf8 26. Rd3 h6 27.
a4 Kh7 28. b5 axb5 29. axb5 Rd8 30. Rxd8 Bxd8 31. Be5 Rd7 32. f4 Kg8 33. Rg6
Kh7 34. f5 Rf7 35. f4 Bc7 36. Bxc7 Rxc7 37. Rb6 Rf7 38. Kf3 Rxf5 39. Rxb7 Rc5
40. b6 Rc3+ 41. Kg4 Kg6 42. f5+ Kf6 43. Rb8 h5+ 44. Kh4 Rb3 45. b7 Kf7 46. Kg5
Rb5 47. h4 Rb6 48. Kxh5 Rb5 49. Kg4 Rb4+ 50. Kf3 Rb3+ 51. Ke2 Rb2+ 52. Kd3 Rb3+
53. Kc4 Rb1 54. h5 Rc1+ 55. Kd3 Rb1 56. h6 1-0

[Event "Staatsliga B - Mitte 2002/03"]
[Site "?"]
[Date "2002.10.11"]
[Round "1.2"]
[White "MANCA, Federico"]
[Black "BUKAL, Vladimir Jun"]
[Result "1/2-1/2"]
[WhiteElo "2349"]
[BlackElo "2409"]
[Annotator "TROFAIACH-LEOBEN, BRETT 3"]
[PlyCount "51"]
[EventDate "2002.10.11"]

1. e4 e6 2. d4 d5 3. Nc3 Bb4 4. e5 Ne7 5. a3 Bxc3+ 6. bxc3 c5 7. Nf3 Nbc6 8. a4
Qc7 9. Bd3 cxd4 10. cxd4 Nb4 11. O-O Bd7 12. Ba3 Nxd3 13. cxd3 Bc6 14. Ng5 h6
15. Qh5 g6 16. Qh3 Nf5 17. Nf3 Qd8 18. g4 Ne7 19. Nd2 h5 20. f3 Kd7 21. Qg3 g5
22. Nb3 Ng6 23. Bc1 Qe7 24. Ba3 Qd8 25. Bc1 Qe7 26. Ba3 1/2-1/2

[Event "Staatsliga B - Mitte 2002/03"]
[Site "?"]
[Date "2002.10.11"]
[Round "1.3"]
[White "BUKAL, Vladimir"]
[Black "HEBESBERGER, Thomas"]
[Result "1-0"]
[WhiteElo "2420"]
[BlackElo "2322"]
[Annotator "TROFAIACH-LEOBEN, BRETT 3"]
[PlyCount "75"]
[EventDate "2002.10.11"]

1. c4 e5 2. Nc3 Nc6 3. g3 g6 4. Bg2 Bg7 5. e3 d6 6. Nge2 h5 7. h3 Be6 8. d4
exd4 9. Nxd4 Bd7 10. O-O Nge7 11. Nde2 Ne5 12. b3 Qc8 13. Kh2 h4 14. g4 Bxg4
15. hxg4 h3 16. Be4 Qxg4 17. Nd4 Qh4 18. Bxb7 Ng4+ 19. Kh1 Rb8 20. Bf3 Nxf2+
21. Rxf2 Qxf2 22. Rb1 c5 23. Ne4 Qxa2 24. Rb2 Qa1 25. Nc2 Qa6 26. Nxd6+ Kf8 27.
Ne4 Qb6 28. b4 Rd8 29. Qe1 Qc6 30. bxc5 Bxb2 31. Bxb2 Rh5 32. Qc3 Rd1+ 33. Kh2
Nf5 34. Bxh5 Qxe4 35. Qh8+ Ke7 36. Bf6+ Kd7 37. Qd8+ Ke6 38. Qe8+ 1-0

[Event "Staatsliga B - Mitte 2002/03"]
[Site "?"]
[Date "2002.10.11"]
[Round "1.5"]
[White "DEMUTH, Markus"]
[Black "BENDA, Herbert"]
[Result "1/2-1/2"]
[WhiteElo "2228"]
[BlackElo "2251"]
[Annotator "TROFAIACH-LEOBEN, BRETT 5"]
[PlyCount "26"]
[EventDate "2002.10.11"]

1. e4 c5 2. Nf3 d6 3. d4 cxd4 4. Nxd4 Nf6 5. Nc3 a6 6. Be3 e6 7. f3 Be7 8. Qd2
Nc6 9. O-O-O Qc7 10. g4 Nxd4 11. Bxd4 e5 12. Be3 Be6 13. g5 Nh5 1/2-1/2

[Event "Staatsliga B - Mitte 2002/03"]
[Site "?"]
[Date "2002.10.11"]
[Round "1.6"]
[White "KREISL, Robert"]
[Black "MITTER, Gerd"]
[Result "1/2-1/2"]
[WhiteElo "2121"]
[BlackElo "2187"]
[Annotator "TROFAIACH-LEOBEN, BRETT 6"]
[PlyCount "30"]
[EventDate "2002.10.11"]

1. d4 Nf6 2. c4 e6 3. Nc3 c5 4. Nf3 d5 5. cxd5 Nxd5 6. e4 Nxc3 7. bxc3 cxd4 8.
cxd4 Bb4+ 9. Bd2 Bxd2+ 10. Qxd2 O-O 11. Be2 b6 12. O-O Bb7 13. Qe3 Nd7 14. Rfd1
Nf6 15. Nd2 Qe7 1/2-1/2

[Event "Staatsliga B - Mitte 2002/03"]
[Site "?"]
[Date "2002.10.11"]
[Round "1.2"]
[White "LEITNER, Kurt"]
[Black "FAULAND, Alexander"]
[Result "1/2-1/2"]
[WhiteElo "2153"]
[BlackElo "2427"]
[Annotator "STYRIA GRAZ-LEIBNITZ, BRETT 3"]
[PlyCount "61"]
[EventDate "2002.10.11"]

1. e4 c5 2. c3 d5 3. exd5 Qxd5 4. d4 Nc6 5. Nf3 Nf6 6. Be3 cxd4 7. cxd4 e6 8.
Nc3 Qd6 9. a3 Be7 10. Bd3 O-O 11. O-O b6 12. Qe2 Bb7 13. Rad1 Rfd8 14. Bb1 Rac8
15. Rfe1 g6 16. Ba2 Nd5 17. Nxd5 exd5 18. Ne5 Nxe5 19. Bf4 Qe6 20. Bxe5 f6 21.
Bf4 Qxe2 22. Rxe2 Kf7 23. Rde1 Bf8 24. Rc1 Rxc1+ 25. Bxc1 Rc8 26. Be3 Ke6 27.
f3 Ba6 28. Re1 Bc4 29. Bh6+ Kd6 30. Bxf8+ Rxf8 31. Bb1 1/2-1/2